JCT 1998 edition of the Construction Industry Model Arbitration Rules including JCT supplementary and advisory procedures (Record no. 97329)
[ view plain ]
| 000 -LEADER | |
|---|---|
| fixed length control field | 00906cam a2200253 4500 |
| 001 - CONTROL NUMBER | |
| control field | J93727 |
| 008 - FIXED-LENGTH DATA ELEMENTS--GENERAL INFORMATION | |
| fixed length control field | 980409 1998 |
| 035 ## - SYSTEM CONTROL NUMBER | |
| System control number | (Sirsi) u88315 |
| 041 0# - LANGUAGE CODE | |
| Language code of text/sound track or separate title | eng |
| 050 04 - LIBRARY OF CONGRESS CALL NUMBER | |
| Classification number | 347.4109 $2 18 |
| 110 2# - MAIN ENTRY--CORPORATE NAME | |
| Corporate name or jurisdiction name as entry element | Joint Contracts Tribunal |
| 9 (RLIN) | 3664 |
| 245 00 - TITLE STATEMENT | |
| Title | JCT 1998 edition of the Construction Industry Model Arbitration Rules including JCT supplementary and advisory procedures |
| 260 ## - PUBLICATION, DISTRIBUTION, ETC. | |
| Place of publication, distribution, etc. | London |
| Name of publisher, distributor, etc. | RIBA Publications |
| Date of publication, distribution, etc. | 1998 |
| 300 ## - PHYSICAL DESCRIPTION | |
| Extent | 24p. |
| Dimensions | 30cm. |
| 350 ## - PRICE (NR) (BK AM CF MU VM SE) [OBSOLETE] | |
| Price | 9 |
| 490 #0 - SERIES STATEMENT | |
| Series statement | JCT Construction Industry Model Arbitration Rules (1998 Edition) |
| 520 ## - SUMMARY, ETC. | |
| Summary, etc. | Includes notes issued by the Society of Construction Arbitrators. |
| 650 ## - SUBJECT ADDED ENTRY--TOPICAL TERM | |
| Topical term or geographic name entry element | ARBITRATION ACT 1996 |
| 650 ## - SUBJECT ADDED ENTRY--TOPICAL TERM | |
| Topical term or geographic name entry element | CIMAR |
| 651 #4 - SUBJECT ADDED ENTRY--GEOGRAPHIC NAME | |
| Geographic name | United Kingdom |
| Chronological subdivision | |
| 690 ## - LOCAL SUBJECT ADDED ENTRY--TOPICAL TERM (OCLC, RLIN) | |
| Topical term or geographic name as entry element | MANAGEMENT-DISPUTE AVOIDANCE, MANAGEMENT AND RESOLUTION-DISPUTE MANAGEMENT AND RESOLUTION-ARBITRATION |
| 942 ## - ADDED ENTRY ELEMENTS (KOHA) | |
| Suppress in OPAC | 0 |
| 948 ## - LOCAL PROCESSING INFORMATION (OCLC); SERIES PART DESIGNATOR (RLIN) | |
| c (OCLC) | 04/09/1998 |
| Withdrawn status | Lost status | Source of classification or shelving scheme | Damaged status | Not for loan | Home library | Current library | Shelving location | Date acquired | Cost, normal purchase price | Total Checkouts | Full call number | Barcode | Date last seen | Date last checked out | Copy number | Cost, replacement price | Price effective from | Koha item type |
|---|---|---|---|---|---|---|---|---|---|---|---|---|---|---|---|---|---|---|
| Dewey Decimal Classification | London | London | Boxed set | 14/09/1999 | 9.00 | 1 | JCT 1998/40 | 30056402 | 06/08/2019 | 13/04/2000 | 1 | 9.00 | 06/08/2019 | Book | ||||
| Dewey Decimal Classification | London | London | Boxed set | 14/09/1999 | 9.00 | 6 | JCT 1998/40 | 30056403 | 06/08/2019 | 15/11/2004 | 2 | 9.00 | 06/08/2019 | Book |